000 00519nam a2200181 a 4500
005 20240601063701.0
008 991125s1941 ag 000 0 spa u
035 _aUPN01000049639
049 _aCG
050 4 _aLB1051
_bA3.68a
100 1 _aAdler, Alfred,
_d1870-1937
245 1 3 _aLa psicología individual y la escuela /
_cAlfred Adler ; tr. José Salas.
260 _aBuenos Aires :
_bLosada,
_c1941.
300 _a174 p.
440 0 _aBiblioteca pedagógica
650 4 _aPsicopedagogía
_95085
905 _aLibro
999 _c49639
_d49639